000 00908nam a2200181Ia 4500
008 100920s9999 xx 000 0 und d
082 _b82325
_a28 व 51 न 02
100 _aबोदडे अण्णा.
245 _aश्री शिवाजीराव पाटील निलंगेकर ( 3 जून 1985 ते 6 मार्च 1986).
260 _bआविष्कार प्रकाशन, मुंबई.
_c2002
300 _a40
_bसाधी
365 _b20
520 _aबा. वि चरित्र.
630 _aश्री शिवाजीराव पाटील निलंगेकर ( 3 जून 1985 ते 6 मार्च 1986).
650 _aबा. वि चरित्र.
730 _aश्री शिवाजीराव पाटील निलंगेकर ( 3 जून 1985 ते 6 मार्च 1986).
942 _cBOOK
999 _c723041
_d723038